| 000 | 00806nam a2200217 a 4500 | ||
|---|---|---|---|
| 005 | 20231102063608.0 | ||
| 008 | 180419s2016 mx r 000 0 spa d | ||
| 020 | _a9786075201825 | ||
| 035 | _aUPN01000224281 | ||
| 049 | _aCG | ||
| 050 | 4 |
_aHQ1465 C1.8 _bR6.3 |
|
| 100 | 1 |
_aRojas Blanco, Clara Eugenia _941956 |
|
| 245 | 1 | 0 |
_aAndamiaje retórico de género : _bun conocimiento situado en la Universidad Autónoma de Ciudad Juárez : 2008-2012 / _cClara Eugenia Rojas Blanco. |
| 260 |
_aMéxico : _bUniversidad Autónoma de Ciudad Juárez, _cc2016. |
||
| 300 | _a107 p. | ||
| 650 | 4 |
_aFEMINISMO - _zCIUDAD JUAREZ, CHIHUAHUA _926907 |
|
| 650 | 0 |
_aMujeres _xEducación superior _99123 |
|
| 650 | 4 |
_aMUJERES - _xACTIVIDAD POLITICA - _zCIUDAD JUAREZ, CHIHUAHUA _918889 |
|
| 905 | _aLibro | ||
| 999 |
_c196378 _d196378 |
||